000 00561nam a2200205Ia 4500
003 OSt
005 20220918105415.0
006 a|||||r|||| 00| 0
007 ta
008 220915b |||||||| |||| 00| 0 eng d
024 _a92,379
037 _cReference Collections
040 _aARTS
_cARTS
_beng
041 _2eng
_aeng
082 _aIk, J3(RR)
100 _aJackson Benjamin Daydon Au.
_91213
245 0 _aGlossary of botanic terms
942 _hIk, J3(RR)
_cREF
999 _c106851
_d106851